Places that Rhyme with Mania - Statistics

General Stats
  • This quiz has been taken 50 times
  • The average score is 3 of 7
Answer Stats
Hint Answer % Correct
Country Albania
78%
Country Romania
73%
Country Lithuania
44%
State Tasmania
44%
State Pennsylvania
39%
Region Transylvania
22%
Country Mauritania
15%
No matching quizzes found
Score Distribution
Percent of People with Each Score
Percentile by Number Answered
Your Score History
You have not taken this quiz